000 00656nam a2200241Ia 4500
003 OSt
005 20220925212709.0
006 a|||||r|||| 00| 0
007 ta
008 220923b |||||||| |||| 00| 0 eng d
020 _a0048000183
037 _cGeneral Book
040 _aRTL
_cRTL
_beng
041 _2eng
_aeng
082 _aSM95xM56, M4
100 _aMarcus Steven
245 0 _aFreud and the culture of psychoanalysis
_b Studiesi
260 _aLondon
_bAllen and Unwin UK
_c1984
300 _a268p.
_ccm.
650 _aPsychology
942 _hSM95xM56, M4
_cGB
_2CC
999 _c560989
_d560989